| 000 | 00000nam##2200000za#4500 |
| 001 | 9.588400 |
| 003 | CaOODSP |
| 005 | 20250403104933 |
| 007 | cr ||||||||||| |
| 008 | 150406|1989||||xxc|||||o f|0| 0 fre|d |
| 040 | |aCaOODSP|bfre |
| 041 | |aeng |
| 041 | |afre |
| 043 | |an-cn--- |
| 086 | 1 |aCS92-N0060/3-1989-PDF |
| 245 | 00|aÉvaluation du service auxiliaire téléphonique pour le Test du recensement national |h[ressource électronique] |
| 260 | |aOttawa - Ontario : |bStatistique Canada |c1989. |
| 490 | 1 |aTest du recensement national |vno. 3 |
| 500 | |aPublication du recensement historique numérisé par Statistique Canada. |
| 546 | |aBilangue. |
| 590 | |a12-44-Supp|b2012-12-13 |
| 691 | 07|aRecensement|2gcpds |
| 691 | 07|aTest|2gcpds |
| 710 | 2 |aStatistique Canada. |
| 791 | |tEvaluation of the telephone assistance service for the National Census Test |eeng|w(CaOODSP)9.588399 |
| 830 | #0|aTest du recensement national ;|vno. 3|w(CaOODSP)9.500682 |
| 856 | 40|ahttp://publications.gc.ca|qPDF|s2161 Ko|uhttps://publications.gc.ca/collections/collection_2012/statcan/rh-hc/CS92-N0060-3-1989.pdf|yno. 3 |